Opinin̤ jurd̕ica

Bibliographic Details
Other Authors: Correa Restrepo, Lorenza (ed.)
Format: Journal
Language:Spanish
Published: Colombia : Universidad de Medelln̕.
Subjects:
Online Access:Acceso restringido

MARC

LEADER 00000nas a2200000 i 4500
005 20110429151437.0
008 071017c19829999bl fr pss 0 a0spa d
022 |a 1692-2530 
035 |a 5057 
040 |a BUS  |d vLex 
090 |c 2085  |d 2085 
245 3 0 |a Opinin̤ jurd̕ica  |h [Recurso electrn̤ico] 
256 |a Servicio en ln̕ea 
260 |a Colombia :  |b Universidad de Medelln̕. 
300 |a 1 recurso electrn̤ico 
310 |a Semestral. 
506 1 |a Contenido solo disponible en los productos indicados  |d vLex Global  |d vLex Global (Academic Edition, excluding Law Schools)  |d vLex Global (U.S. Academic Edition, Law Schools)  |d vLex Global (U.S. Academic Edition, excluding Law Schools)  |d vLex Global (Academic Edition, Law Schools) 
650 0 4 |a Derecho  |x Publicaciones perid̤icas. 
700 1 |a Correa Restrepo, Lorenza,  |e ed. 
740 0 |a vLex Revista (Servicios en ln̕ea) 
856 |u http://vlex.com/source/universidad-medellin-opinion-juridica-5057  |z Acceso restringido 
942 |c REV